00366nam a2200145Ia 4500008004100000020001500041041001200056082001600068100001600084245005200100250000800152260003600160300000800196650001600204221030s9999 xx 000 0 und d a8178081121 aEnglish a105.23bKnu aD. E. Knuth 0aVol 2 : Seminumerical Alorithmscby D. E. Knuth a3rd bAddison WesleyaNew Delhic2001 a762 aBE Computer